ARRUPE JESUIT UNIVERSITY

CORONAVIRUS -STOP THE SPREAD - CLEAN,DISINFECT,COVER

African discovery, an anthology of exploration / (Record no. 119447)

MARC details
000 -LEADER
fixed length control field 00872cam a2200277Ka 4500
001 - CONTROL NUMBER
control field 4738681
003 - CONTROL NUMBER IDENTIFIER
control field ARRUPE
005 - DATE AND TIME OF LATEST TRANSACTION
control field 20131220140514.0
008 - FIXED-LENGTH DATA ELEMENTS--GENERAL INFORMATION
fixed length control field 880325s1948 enk 000 0 eng d
035 ## - SYSTEM CONTROL NUMBER
System control number (OCoLC)ocm17683610
035 ## - SYSTEM CONTROL NUMBER
System control number (NNC)4738681
040 ## - CATALOGING SOURCE
Original cataloging agency CBC
Transcribing agency CBC
098 ## - OTHER CLASSIFICATION SCHEMES (OCLC)
Call number based on other classification scheme Ja1
300 ## - PHYSICAL DESCRIPTION
Other physical details maps ;
Dimensions 18 cm.
245 00 - TITLE STATEMENT
Title African discovery, an anthology of exploration /
Statement of responsibility, etc [edited by] Margery Perham and Jack Simmons.
250 ## - EDITION STATEMENT
Edition statement Abridged version
260 ## - PUBLICATION, DISTRIBUTION, ETC. (IMPRINT)
Place of publication, distribution, etc Harmondsworth, Middlesex :
Name of publisher, distributor, etc Penguin Books,
Date of publication, distribution, etc 1948.
300 ## - PHYSICAL DESCRIPTION
Extent 247 p. :
490 1# - SERIES STATEMENT
Series statement Travel and adventure ;
Volume number/sequential designation 619
651 #0 - SUBJECT ADDED ENTRY--GEOGRAPHIC NAME
Geographic name Africa
General subdivision Discovery and exploration.
9 (RLIN) 6301
700 1# - ADDED ENTRY--PERSONAL NAME
Personal name Perham, Margery,
Dates associated with a name 1895-1982.
9 (RLIN) 6302
700 1# - ADDED ENTRY--PERSONAL NAME
Personal name Simmons, Jack,
Dates associated with a name 1915-
9 (RLIN) 6303
740 01 - ADDED ENTRY--UNCONTROLLED RELATED/ANALYTICAL TITLE
Uncontrolled related/analytical title African discovery.
830 #0 - SERIES ADDED ENTRY--UNIFORM TITLE
Uniform title Travel and adventure ;
Volume number/sequential designation 619.
9 (RLIN) 6304
942 ## - ADDED ENTRY ELEMENTS (KOHA)
Source of classification or shelving scheme Library of Congress Classification
Koha item type Monograph ( Printed materials)

No items available.

 

Arrupe Library. PO Box MP320 Mt Pleasant, Harare, Zimbabwe
263 242 745411|librarian@aju.ac.zw